20 Poorest Countries in the World - Statistics

General Stats
  • This quiz has been taken 1,345 times
  • The average score is 10 of 20
Answer Stats
Int$ Country % Correct
1,048 Niger
73%
1,729 Mali
66%
704 Congo, Dem. Rep.
64%
911 Burundi
61%
607 Central African Republic
61%
1,589 Ethiopia
59%
1,698 Rwanda
59%
1,195 Eritrea
56%
1,313 Guinea
55%
780 Malawi
55%
1,45 Togo
54%
882 Liberia
51%
1,682 Burkina Faso
50%
1,75  Haiti
50%
1,436 Guinea-Bissau
49%
1,599 Gambia
48%
1,174 Mozambique
44%
1,437 Madagascar
31%
1,548 Comoros
28%
1,713 Kiribati
13%
No matching quizzes found
Score Distribution
Percent of People with Each Score
Percentile by Number Answered
Your Score History
You have not taken this quiz